Quick Easy Multiplication Facts - Statistics

General Stats
  • This quiz has been taken 1,536 times
    1,507 since last reset
  • The average score is 24 of 35
Answer Stats
Problem Answer % Correct
2x3 6
100%
7x1 7
100%
5x6 30
98%
0x12787 0
95%
1x123 123
95%
9x3 27
92%
9x5 45
92%
8x2 16
91%
7x8 56
91%
2x6 12
89%
7x7 49
88%
9x9 81
87%
4x3 12
84%
8x6 48
82%
4x8 32
79%
4x7 28
76%
5x4 20
73%
8x9 72
72%
3x5 15
71%
5x7 35
68%
4x11 44
67%
12x12 144
60%
6x9 54
56%
7x3 21
55%
2x2 4
53%
6x3 18
52%
4x1 4
50%
3x8 24
47%
6x4 24
45%
7x6 42
39%
2x9 18
38%
9x4 36
34%
6x6 36
32%
7x9 63
27%
8x8 64
26%
No matching quizzes found
Score Distribution
Percent of People with Each Score
Percentile by Number Answered
Your Score History
You have not taken this quiz since the last reset